000 00869nas a2200289 4500
001 BR2013008623
003 BR-BrBNA
005 20231205123140.0
007 ta
008 230509b bl.|||p| |||| 00| 00por d
040 _aBR-BrBNA
_bpor
_cBiblioteca Nacional de Agricultura
041 _a(En)
072 _aH60
100 1 _aPandolfo, C.E.
100 1 _aPresotto, A.
100 1 _aPoverene, M.
100 1 _aCantamutto, M.
245 1 _aLimited occurrence of resistant radish (Raphanus sativus)to AHAS-Inhibiting herbicides in Argentina
650 _aNABO-BRAVO
650 _aERVA DANINHA
650 _aHERBICIDA
650 _aCONTROLE QUÍMICO
650 _aRESISTÊNCIA QUÍMICA
773 0 _tPlanta Daninha (Brazil)
_xISSN 0100-8358
_g(2013), v. 31(3) p. 657-666
_wBR2013008623
909 _a202311
_bLúcia
_c55
_dLúcia Elande
942 _2AGRIS
_n0
_cANA
999 _c232414
_d232414